Statistics for Fossil Pokémon

Click here to take the quiz!

General Stats

  • This quiz has been taken 37 times
  • The average score is 22 of 25

Answer Stats

TypePokémon% Correct
Rock/WaterKabuto
96%
Rock/WaterOmastar
96%
Rock/FlyingAerodactyl
93%
Rock/WaterKabutops
93%
Rock/WaterOmanyte
93%
Rock/DragonTyrantrum
93%
Rock/BugAnorith
89%
Rock/SteelBastiodon
89%
Rock/GrassCradily
89%
RockCranidos
89%
Rock/GrassLileep
89%
RockRampardos
89%
Rock/SteelShieldon
89%
Rock/DragonTyrunt
89%
Rock/IceAmaura
85%
Rock/FlyingArchen
85%
Rock/FlyingArcheops
85%
Rock/BugArmaldo
85%
Rock/WaterCarracosta
85%
Rock/IceAurorus
81%
Rock/WaterTirtouga
81%
Water/IceArctovish
78%
Electric/IceArctozolt
78%
Water/DragonDracovish
78%
Electric/DragonDracozolt
78%

Score Distribution

Percentile by Number Answered

Percent of People with Each Score

Your Score History

You have not taken this quiz